000
00316nam a2200133Ia 4500
008
230818s1987 xx 000 0 und d
041
_a
eng
100
_a
Potter
245
_a
Food Science 3rd ed.
260
_b
C.B.S.Publication
_c
1987
300
_a
780p
520
_a
General | Hard Board
999
_c
853873
_d
853873
650
_a
Food Safety